Central Library OPAC University of Rajshahi

জনশাসনের বিভিন্ন দিক=Reflections on Public Administration / (Record no. 71351)

MARC details
000 -LEADER
fixed length control field 01007nam a2200241 a 4500
001 - CONTROL NUMBER
control field 71351
003 - CONTROL NUMBER IDENTIFIER
rucl marc code BD-RjUL
005 - DATE AND TIME OF LATEST TRANSACTION
control field 20211209082114.0
008 - FIXED-LENGTH DATA ELEMENTS--GENERAL INFORMATION
fixed length control field 170502s1963 bg ||||| |||| 00| 0 ben d
020 ## - INTERNATIONAL STANDARD BOOK NUMBER
Terms of availability : TK. 3.00
035 ## - SYSTEM CONTROL NUMBER
System control number (BD-RjUL)71567
040 ## - CATALOGING SOURCE
Original cataloging agency BD-RjUL
Language of cataloging ben
Transcribing agency BD-RjUL
Modifying agency BD-RjUL
041 ## - LANGUAGE CODE
Language code of text/sound track or separate title ben
082 ## - DEWEY DECIMAL CLASSIFICATION NUMBER
Edition number 23
Classification number 351
Author mark and year GAR 1963
100 ## - MAIN ENTRY--PERSONAL NAME
Personal name Gaus, John Merriman
9 (RLIN) 211163
245 ## - TITLE STATEMENT
Title জনশাসনের বিভিন্ন দিক=Reflections on Public Administration /
Statement of responsibility, etc. John Merriman Gaus; মনির উদ্দীন ইউসুফ, অনুবাদ
260 ## - PUBLICATION, DISTRIBUTION, ETC. (IMPRINT)
Place of publication, distribution, etc. ঢাকা :
Name of publisher, distributor, etc. ন্যাশনাল ইনিসটিটিউট অব পাবলিক এডমিনিষ্ট্রেশন,
Date of publication, distribution, etc. ১৯৬৩.
300 ## - PHYSICAL DESCRIPTION
Pagination ৯০ পৃ. ;
Size ২৪ সেমি.
650 ## - SUBJECT ADDED ENTRY--TOPICAL TERM
Topical term or geographic name as entry element লোক প্রশাসন
9 (RLIN) 211164
Topical term or geographic name as entry element Public administration
9 (RLIN) 211165
700 ## - ADDED ENTRY--PERSONAL NAME
Personal name ইউসুফ, মনির উদ্দীন
942 ## - ADDED ENTRY ELEMENTS (KOHA)
Source of classification or shelving scheme Dewey Decimal Classification
Koha item type Books
Holdings
Lost status Source of classification or shelving scheme Damaged status Not for loan Collection code Permanent Location Current Location Shelving location Date acquired Source of acquisition Cost, normal purchase price Total Checkouts Full call number Date last seen Copy number Koha item type
  Dewey Decimal Classification   Not For Loan Non-fiction Central Library, University of Rajshahi Central Library, University of Rajshahi Reading Room 09/12/2021 Mohiuddin and Sons 3.00   B 351 GAR 1963 02/05/2017 C-1 Books